00414nam a22001457a 450000500170000000800410001702000150005804100120007308200130008510000120009824500530011026000510016330000290021465000250024320240816071804.0240816b |||||||| |||| 00| 0 eng d a0406879613 aEnglish a349 ALL  lEnglish aThe All England Law Reports: Annual Review 1984  aLondon: bButterworth and Company Ltd, c1984  bxxx, 311 pages; c25 cm. aLegal practice bLaw